| 000 | 00557nam a2200169Ia 4500 | ||
|---|---|---|---|
| 999 |
_c13035 _d13035 |
||
| 082 | _aTL.0049 | ||
| 100 | _aLerche, Jens | ||
| 245 | 0 | _aEconomic development and transformation of traditional social relations : A case study of the Viswakarma blacksmith and carpenter caste of Orissa, India | |
| 260 |
_c1991 _bUniversity of Copenhagen |
||
| 300 | _a210p. | ||
| 650 | _aBLACKSMITHS - ORISSA | ||
| 650 | _aOCCUPATIONS - ORISSA | ||
| 650 | _aSOCIAL CLASSES - ORISSA | ||
| 650 | _aCARPENTERS - ORISSA | ||
| 710 | _aWestergaard, Kirsten | ||
| 942 |
_cTH _2ddc |
||